Tlkot srdca v ľudskej dlani (poznámky na manžetách)

Bibliographic Details
Main Author: Hudík, Pavol, 1937- (Author)
Format: Article
Language:Slovak
ISSN:0862-5999
Subjects:

MARC

LEADER 00000nab a2200000 a 4500
001 vtls000879202
003 SK-MaSNL
005 20260303220311.0
008 140422c2004 xo 0 slo
015 |a SNBRB2004/07-21578 
035 |a CLN000230743 
040 |a SNKBUCL  |b slo  |c SNKBUCL  |e AACR2 
041 0 |a slo 
044 |a xo  |c SK 
080 |a 82.09:821.162.4-1(048)  |2 1997 
080 |a 821.162.4-1(048)  |2 1997 
100 1 |a Hudík, Pavol,  |d 1937-  |4 aut  |9 85415 
245 1 0 |a Tlkot srdca v ľudskej dlani  |b (poznámky na manžetách)  |c Pavol Hudík 
650 0 7 |a slovenská poézia  |2 snkbucl  |9 215422 
655 7 |a recenzie  |2 snkbucl  |9 21907 
655 7 |a články z novín a časopisov  |2 snkbucl  |9 267496 
773 0 |t Literárny (dvoj)týždenník  |g Roč. XVII, č. 22-23 (2004), s. 12  |x 0862-5999 
787 0 8 |i Rec.:  |a Jedlička, Milan  |t Prietočné hodiny  |d Trnava : Magna, 2003  |z 8085722127 
850 |a Slovenská národná knižnica v Martine 
852 |a SNK  |b KIS3GCP 
958 |a LX 
958 |a RC 
992 |a RBX 
999 |c 2226413  |d 2228343